| 000 | 01029nam a2200181 i 4500 | ||
|---|---|---|---|
| 001 | 31701 | ||
| 003 | ES-MaACL | ||
| 005 | 20230906154429.0 | ||
| 007 | t| | ||
| 008 | 030129s1854 fr ||||1| fre d | ||
| 100 | 1 |
_aBédarride, Jassuda. _926986 |
|
| 245 | 1 | 0 |
_aDroit commercial _b: commentaire du Code de comerce / _cJ. Bédarride. |
| 260 |
_aParis : _b[s.n., _c1854] ( _fTip. Aubin) |
||
| 300 |
_a14 v. ; _c22 cm. |
||
| 505 | 8 | _aContiene: I. Des commerçant: des livres de commerce - II-III. Des sociétés suivi d'un commentaire des lois des 17-23 juillet 1856 sur l'arbitrage forcé et les sociétés en commandite par actions - IV. Des bourses de commerce, agents de change et coutiers - V. Des commissionnaires avec appendice sur les modifications qui y ont eté introduites - VI. Des achats et ventes - VII-VIII. De la lettre de change, des billets a ordre et de la prescription - IX-XIII. Du commerce maritime - XIV. De la juridiction | |
| 650 | 4 |
_aDerecho mercantil- _zFrancia. _9135893 |
|
| 852 |
_aES-MaACL _jG-14174-87 |
||
| 999 |
_c31701 _d31701 |
||